000 00716nam a2200193 i 4500
001 25604
003 ES-MaACL
005 20250809024059.0
007 t|
008 021227q1941 sp ||||1| spa d
100 1 _aArmero Delgado, Mario.
_922967
245 1 0 _aPrincipios generales de derecho inmobiliario y legislación hipotecaria
_b: contestaciones... de oposiciones a registros /
_cMario Armero Delgado.
260 _aMadrid :
_b[s.n.,
_c1941?] (
_fImp. Samarán)
300 _a2 v. ;
_c23 cm.
505 8 _aContiene: 1º Tomo: Temas 1 al 23 -- 2º Tomo: Temas 65 a 88 (Hipotecas)
650 7 _aDerecho inmobiliario registral
_2embne
_9166038
852 _aES-MaACL
_jP-899
_bR.18852
999 _c25604
_d25604